00710nam a22002417a 450000500170000001000150001702000110003203500130004303700130005608200120006910000120008124500960009325000110018926000410020027000530024130000340029449000200032850500680034865000080041665000140042465000170043870000130045520100823114828.0 aENG-101307 c500.00 aEN-84840 bDBAD/PUB a347.052 aManohar aThe AIR manual :bunrepealed central acts (civil and criminal) /cby Manohar [and] Chitaley a6th ed aNagpurbThe All India Reporterc2004 aPost Box No. 209, Congress NagarbNagpure440012 av.13 (viii,1204p.)c25cm (Hb) aAIR publication aV.13- Constitution of India Article 228 to Article 311, Note 68 aLaw aCivil law aCriminal law aChitaley